000 00757nam a2200205 a 4500
001 BRCA_2576
005 20190320203855.0
008 271108s1823----gw-a---###---#000-0#ger-u
050 4 _aNE1030
_b.H45 1823
100 1 _aHeller, Joseph
_97360
245 1 0 _aGeschichte der Holzschneidekunst von den altesten bis auf die neusten Zeiten, nebst zwei Beilagen, enhaltend den Ursprung der Spielkarten und ein Verzeichniss der sammtlichen xylographischen Werke
_cvon Joseph Heller.
260 _aBamberg, Alemania
_bC. F. Kunz
_c1823
300 _a457 p.
_bil.
_c20 cm.
500 _aA44
650 1 4 _aGrabado en madera
_vBibliografía
_97361
650 1 4 _aBarajas
_xHistoria
_97362
650 1 4 _aGrabado en madera
_xHistoria
_97363
902 _aGFM
942 _2lcc
_cB
999 _c2316
_d2316